Unit processes of sanitary engineering

This book is a companion piece to Unit Operations of Sanitary engineering. Whereas the latter book deals only with physical processes, Unit processes of sanitary Engineering covers the chemical and biological processes common to many water and waster treatment systems.

Spremljeno u:
Bibliografski detalji
Glavni autor: Rich, Linvil Gene
Format: Knjiga
Jezik:Undetermined
Izdano: New York Wiley 1963
Teme:
Oznake: Dodaj oznaku
Bez oznaka, Budi prvi tko označuje ovaj zapis!
Thư viện lưu trữ: Trung tâm Học liệu Trường Đại học Cần Thơ
LEADER 00787nam a2200193Ia 4500
001 CTU_219394
008 210402s9999 xx 000 0 und d
082 |a 628 
082 |b R499 
100 |a Rich, Linvil Gene 
245 0 |a Unit processes of sanitary engineering 
245 0 |c Linvil G. Rich 
260 |a New York 
260 |b Wiley 
260 |c 1963 
520 |a This book is a companion piece to Unit Operations of Sanitary engineering. Whereas the latter book deals only with physical processes, Unit processes of sanitary Engineering covers the chemical and biological processes common to many water and waster treatment systems. 
650 |a Kỹ thuật vệ sinh,Sanitary engineering 
904 |i Trúc 
980 |a Trung tâm Học liệu Trường Đại học Cần Thơ